| 000 | 01092cam a2200349 a 4500 | ||
|---|---|---|---|
| 001 | 5569 | ||
| 003 | FISKH | ||
| 005 | 20241218105120.0 | ||
| 008 | 941221s1996 nyua j 000 1 eng | ||
| 010 | _a 94048883 | ||
| 020 | _a067986444X (pbk.) | ||
| 020 | _a9780679864448 | ||
| 020 | _a0679964444 (lib. ed.) | ||
| 040 |
_aDLC _cDLC _dDLC _beng |
||
| 050 | _aPZ8.A63 | ||
| 082 | _a557 | ||
| 100 | 1 |
_aArmstrong, Jennifer, _d1961- |
|
| 245 | 1 | 4 |
_aThe snowball / _cby Jennifer Armstrong ; illustrated by Jean Pidgeon. |
| 260 |
_aNew York : _bRandom House, _c1996. |
||
| 300 |
_a32 pages ; _bcolor illustrations ; _c23 cm |
||
| 440 | 0 | _aEarly step into reading | |
| 505 | _aF | ||
| 520 | _aA small snowball gets bumped by a skier and rolls down the hill growing in size and picking up people as it goes. | ||
| 521 | 8 |
_a300
_bLexile |
|
| 521 | 8 |
_aF
_bRaz-Plus |
|
| 650 | 1 |
_aSnow _xFiction. |
|
| 650 | 1 | _aStories in rhyme. | |
| 700 | 1 |
_aPidgeon, Jean, _eillustrator |
|
| 906 |
_a7 _bcbc _corignew _d1 _eocip _f19 _gy-gencatlg |
||
| 942 |
_2ddc _cBK _n0 |
||
| 999 |
_c5569 _d5569 |
||